01233nam a2200289Ia 450000500170000000800410001702000180005804000320007604100080010808200180011610000290013424501220016326000340028530000320031950000810035150400540043265000360048665000240052265000310054665000430057765000360062065000440065665000210070094200560072199900130077795201530079020221021150250.0220927t2008||||xx |||||||||||||| ||spa|| a9788480863384 aODONTObspacODONTOdODONTO aspa a617.643 O41:61 aOkeson, Jeffrey P.91638 0aTratamiento de oclusión y afecciones temporomandibulares /cJeffrey P. Okeson, rev. Ana Isabel Tello Rodríguez.-- aBarcelona :bElsevier,c2008. avii 631 p. :bil. ;c24 cm. aTítulo en Inglés: Management of Temporomadibular Disorders and Occlusion aBibliografía capitular, e índice alfabético02aOclusión (Odontología)941302aMaloclusión9173902aSistema masticatorio9174002aArticulación temporomandibular9174102aSistema estomatognático9167502aRegistro de relación mandibular9174202a Maxilares91743 aBiblioteca de OdontologíacBKk617.643 O41:62ddc c851d851 00102ddc4070aODONTObODONTOcGENd0000-00-00eCorporación Educativag1607.14i10-H-866-2010o617.643 O41:6pL00002586r2022-09-27 00:00:00yBK